Lord Of The Rings - Kings of Rohan - Statistics

General Stats
  • This quiz has been taken 323 times
  • The average score is 7 of 18
Answer Stats
Hint Answer % Correct
17 Theoden
98%
18 Eomer
92%
1 Eorl the Young
63%
16 Thengel
60%
9 Helm
58%
2 Brego
36%
4 Frea
33%
15 Fengel
30%
14 Folcwine
30%
5 Freawine
26%
10 Frealaf
25%
13 Folca
24%
6 Goldwine
23%
3 Aldor
22%
8 Gram
21%
12 Walda
21%
7 Deor
19%
11 Leofa
18%
No matching quizzes found
Score Distribution
Percent of People with Each Score
Percentile by Number Answered
Your Score History
You have not taken this quiz